| 000 | 00464nam a22001697a 4500 | ||
|---|---|---|---|
| 003 | OSt | ||
| 005 | 20140310182351.0 | ||
| 008 | 130930t xxu||||| |||| 00| 0 eng d | ||
| 020 | _a9780064436540 | ||
| 050 |
_aPZ 7 _b.Sch347115Wh 1999 |
||
| 082 |
_aGS 823 _bSch3 1999 |
||
| 245 |
_aWhy do you love me? / _cDr. Laura Schlessinger |
||
| 260 |
_a[U.S.A] : _bCliff Street Books, _c1999. |
||
| 300 |
_bcol. ill. ; _c20 cm. |
||
| 942 |
_2lcc _cBK-GS |
||
| 999 |
_c12351 _d12351 |
||